[Event "Montevideo Trebejos Autumn op"]
[Site "Montevideo"]
[Date "2023.05.10"]
[Round "2"]
[White "Avedisian, Alexander"]
[Black "Mott, Juan"]
[Result "1-0"]
[WhiteElo "1832"]
[BlackElo "1237"]
[PlyCount "83"]
[EventDate "2023.05.03"]
[EventType "swiss"]
[EventRounds "5"]
[EventCountry "URU"]
[SourceTitle "EXT 2024"]
[Source "ChessBase"]
[SourceDate "2023.10.10"]
[SourceVersion "1"]
[SourceVersionDate "2023.10.10"]
[SourceQuality "1"]

1. Nf3 d5 2. g3 Nf6 3. Bg2 Nc6 4. c4 h6 5. cxd5 Qxd5 6. Nc3 Qd8 7. 0-0 e5 8. Qa4 a6 9. Nxe5 Bd7 10. Nxd7 Qxd7 11. Bxc6 bxc6 12. Kg2 Bd6 13. Ne4 Nxe4 14. Qxe4+ Be7 15. b3 0-0 16. d3 Bf6 17. Rb1 Rab8 18. Qf3 Rb5 19. e4 Bd4 20. a4 Rbb8 21. Qh5 Qe6 22. f4 f5 23. exf5 Rxf5 24. Qg4 h5 25. Qd1 Re8 26. Ba3 Qg6 27. Bb2 Be3 28. Be5 c5 29. b4 Ref8 30. Qb3+ Kh8 31. Qc4 h4 32. Qe4 Bd4 33. Bxd4 cxd4 34. Rbe1 Qg4 35. Qxd4 hxg3 36. hxg3 Rh5 37. Rh1 Rff5 38. Rxh5+ Rxh5 39. Re8+ Kh7 40. Qe4+ Rf5 41. Rf8 Kg6 42. Qe8+ 1-0

[Event "Montevideo op"]
[Site "Montevideo"]
[Date "2023.03.22"]
[Round "4"]
[White "Avedisian, Alexander"]
[Black "Paiva, Gaston"]
[Result "1-0"]
[WhiteElo "1806"]
[BlackElo "1384"]
[PlyCount "37"]
[EventDate "2023.03.01"]
[EventType "swiss"]
[EventRounds "5"]
[EventCountry "URU"]
[SourceTitle "EXT 2024"]
[Source "ChessBase"]
[SourceDate "2023.10.10"]
[SourceVersion "1"]
[SourceVersionDate "2023.10.10"]
[SourceQuality "1"]

1. Nf3 d5 2. g3 Nf6 3. Bg2 c5 4. 0-0 Nc6 5. d3 e5 6. Bg5 h6 7. Bxf6 Qxf6 8. Nfd2 Be6 9. Nc3 Rd8 10. e4 d4 11. Nd5 Bxd5 12. exd5 Ne7 13. c4 dxc3 14. Qa4+ Rd7 15. Bh3 Nf5 16. Ne4 Qg6 17. d6 b6 18. Qc6 Bxd6 19. Bxf5 1-0

[Event "Montevideo op"]
[Site "Montevideo"]
[Date "2023.03.01"]
[Round "1"]
[White "Cammarota, Andres"]
[Black "Avedisian, Alexander"]
[Result "0-1"]
[WhiteElo "1113"]
[BlackElo "1806"]
[PlyCount "78"]
[EventDate "2023.03.01"]
[EventType "swiss"]
[EventRounds "5"]
[EventCountry "URU"]
[SourceTitle "EXT 2024"]
[Source "ChessBase"]
[SourceDate "2023.10.10"]
[SourceVersion "1"]
[SourceVersionDate "2023.10.10"]
[SourceQuality "1"]

1. e4 c5 2. Nf3 g6 3. Nc3 Bg7 4. Bc4 Nc6 5. d3 Nf6 6. Be3 d6 7. h3 Na5 8. Bb5+ Bd7 9. Bxd7+ Nxd7 10. Qd2 0-0 11. Bh6 Ne5 12. Nxe5 dxe5 13. Bxg7 Kxg7 14. 0-0 c4 15. Nd5 e6 16. Nc3 cxd3 17. cxd3 Rc8 18. Rfd1 Nc6 19. Rab1 Nd4 20. Rdc1 b5 21. b4 a5 22. a3 a4 23. Qd1 f6 24. Ne2 Nb3 25. Rxc8 Qxc8 26. Nc1 Nd4 27. Ne2 Nxe2+ 28. Qxe2 Qc3 29. Qd1 Rc8 30. Qg4 Rc6 31. Qd1 Qxa3 32. d4 exd4 33. Qxd4 Rc1+ 34. Rxc1 Qxc1+ 35. Kh2 Qc7+ 36. Kg1 a3 37. Qa1 Qa7 38. Kf1 Qa4 39. Qa2 Qd1# 0-1

[Event "Montevideo Trebejos Primavera op"]
[Site "Montevideo"]
[Date "2022.11.21"]
[Round "6"]
[White "Avedisian, Alexander"]
[Black "Bon, Charles"]
[Result "1/2-1/2"]
[WhiteElo "1853"]
[BlackElo "1528"]
[PlyCount "123"]
[EventDate "2022.10.17"]
[EventType "swiss"]
[EventRounds "6"]
[EventCountry "URU"]
[SourceTitle "EXT 2024"]
[Source "ChessBase"]
[SourceDate "2023.10.10"]
[SourceVersion "1"]
[SourceVersionDate "2023.10.10"]
[SourceQuality "1"]

1. Nf3 g6 2. g3 Bg7 3. Bg2 e5 4. d3 d5 5. 0-0 Ne7 6. c4 c6 7. Nbd2 0-0 8. Rb1 a5 9. b3 Na6 10. cxd5 cxd5 11. Bb2 Nc6 12. e4 d4 13. a3 Bg4 14. h3 Be6 15. Ba1 Nc7 16. Rc1 Ne8 17. Rc5 Rc8 18. Qb1 b6 19. Rc2 Nd6 20. Rfc1 Ne7 21. Rxc8 Bxc8 22. Nc4 Nxc4 23. Rxc4 Ba6 24. Rc1 Qd6 25. b4 axb4 26. axb4 Bb5 27. Nd2 Nc6 28. Nc4 Bxc4 29. Rxc4 Ra8 30. b5 Na5 31. Qa2 Rd8 32. Rc2 Qb4 33. Rc7 Qb3 34. Rc2 Qxd3 35. Qb1 Qb3 36. Rb2 Qe6 37. Bf1 Qd7 38. Bd3 Qxh3 39. Rc2 Rc8 40. Qc1 Rxc2 41. Qxc2 Qd7 42. Bb2 Bf8 43. Bc1 Nb7 44. Qc6 Nc5 45. Ba3 Qxc6 46. bxc6 Bd6 47. Ba6 Bc7 48. Bxc5 bxc5 49. g4 Kf8 50. Bc4 h6 51. Kf1 Ke7 52. Ke2 Kf6 53. Kf3 Ke7 54. Bd5 f6 55. Bc4 Kd6 56. Bb5 g5 57. Ke2 c4 58. Bxc4 Kxc6 59. Kd3 Ba5 60. f3 Kc5 61. Bf7 Kb4 62. Be6 1/2-1/2

[Event "Montevideo Trebejos Primavera op"]
[Site "Montevideo"]
[Date "2022.11.14"]
[Round "5"]
[White "Gonzalez Martinez, Fabian"]
[Black "Avedisian, Alexander"]
[Result "1/2-1/2"]
[WhiteElo "1487"]
[BlackElo "1853"]
[PlyCount "71"]
[EventDate "2022.10.17"]
[EventType "swiss"]
[EventRounds "6"]
[EventCountry "URU"]
[SourceTitle "EXT 2024"]
[Source "ChessBase"]
[SourceDate "2023.10.10"]
[SourceVersion "1"]
[SourceVersionDate "2023.10.10"]
[SourceQuality "1"]

1. e4 c5 2. Nf3 g6 3. d4 cxd4 4. Nxd4 Nf6 5. Nc3 Nc6 6. Bc4 Bg7 7. Nxc6 dxc6 8. Qxd8+ Kxd8 9. f3 Ke8 10. Ne2 e5 11. Be3 b6 12. Bb3 Ke7 13. Rd1 Be6 14. Bxe6 Kxe6 15. Kf2 Rhd8 16. Rd3 Rd7 17. Rxd7 Nxd7 18. b3 f5 19. exf5+ gxf5 20. Rd1 Nf6 21. Bg5 Nd7 22. Re1 Kd6 23. Rd1+ Kc7 24. c4 Rf8 25. Be7 Rf7 26. Bd6+ Kb7 27. g3 Bf8 28. f4 Bxd6 29. Rxd6 Kc7 30. Re6 Nc5 31. Rh6 Nd7 32. Kf3 e4+ 33. Ke3 Nf6 34. h3 c5 35. Nc3 Kd7 36. Nb5 1/2-1/2

[Event "URU Regional Este"]
[Site "Punta del Este"]
[Date "2022.08.13"]
[Round "3"]
[White "Bentancurt, Juan"]
[Black "Avedisian, Alexander"]
[Result "1/2-1/2"]
[WhiteElo "1681"]
[BlackElo "1845"]
[PlyCount "59"]
[EventDate "2022.08.12"]
[EventType "swiss"]
[EventRounds "5"]
[EventCountry "URU"]
[SourceTitle "EXT 2024"]
[Source "ChessBase"]
[SourceDate "2023.10.10"]
[SourceVersion "1"]
[SourceVersionDate "2023.10.10"]
[SourceQuality "1"]

1. e4 c5 2. Nf3 g6 3. d4 cxd4 4. Qxd4 Nf6 5. e5 Nc6 6. Qa4 Nd5 7. Qb3 Nb6 8. Bf4 Bg7 9. Bb5 0-0 10. 0-0 Na5 11. Qb4 Nd5 12. Qe4 Nxf4 13. Qxf4 Qb6 14. Nc3 a6 15. Bd3 Nc6 16. a3 f6 17. Nd5 Qc5 18. exf6 e6 19. Qc4 Qxc4 20. Bxc4 Bxf6 21. Nb6 Rb8 22. c3 Bd8 23. Nxc8 Rxc8 24. Ba2 b5 25. Rad1 d5 26. Rfe1 Kf7 27. Ne5+ Nxe5 28. Rxe5 Bf6 29. Re2 Rcd8 30. Rde1 1/2-1/2

[Event "Montevideo La Proa 1800+ op"]
[Site "Montevideo"]
[Date "2022.04.10"]
[Round "5"]
[White "Avedisian, Alexander"]
[Black "Zas, Gianfranco"]
[Result "1-0"]
[WhiteElo "1902"]
[BlackElo "1494"]
[PlyCount "63"]
[EventDate "2022.04.09"]
[EventType "swiss"]
[EventRounds "5"]
[EventCountry "URU"]
[SourceTitle "EXT 2023"]
[Source "ChessBase"]
[SourceDate "2022.10.05"]
[SourceVersion "1"]
[SourceVersionDate "2022.10.05"]
[SourceQuality "1"]

1. Nf3 d5 2. g3 Nf6 3. Bg2 e6 4. 0-0 g6 5. d3 Bg7 6. Nbd2 0-0 7. e4 Re8 8. Re1 c5 9. exd5 exd5 10. Rxe8+ Qxe8 11. c4 dxc4 12. dxc4 Bg4 13. h3 Bd7 14. Nb3 b6 15. Ne5 Bc6 16. Nxc6 Nxc6 17. Qf3 Rc8 18. Bg5 Qe6 19. Rd1 h6 20. Bf4 Nd7 21. Rd6 Nde5 22. Qd5 Qe8 23. Bxe5 Nxe5 24. f4 Nxc4 25. Qxc4 Bxb2 26. Rxg6+ Bg7 27. f5 Kh7 28. Rd6 Qe3+ 29. Kh2 Be5 30. Qxf7+ Kh8 31. Rg6 Rd8 32. f6 1-0

[Event "Montevideo Trebejos Cuartos op"]
[Site "Montevideo"]
[Date "2022.01.24"]
[Round "3"]
[White "Salguero, Rafael"]
[Black "Avedisian, Alexander"]
[Result "1-0"]
[WhiteElo "1943"]
[BlackElo "1888"]
[PlyCount "123"]
[EventDate "2022.01.17"]
[EventType "swiss"]
[EventRounds "5"]
[EventCountry "URU"]
[SourceTitle "CBM 206 Extra"]
[Source "ChessBase"]
[SourceDate "2022.03.31"]
[SourceVersion "1"]
[SourceVersionDate "2022.03.31"]
[SourceQuality "1"]

1. d4 Nf6 2. c4 g6 3. Nc3 Bg7 4. e4 0-0 5. Nf3 d6 6. Be2 Na6 7. Nd2 e5 8. d5 Ne8 9. g4 c6 10. h4 h6 11. Nf1 cxd5 12. cxd5 Bd7 13. Ng3 Rc8 14. h5 g5 15. Be3 Qa5 16. 0-0 Nc5 17. a3 Na4 18. Nxa4 Bxa4 19. Qd2 Qxd2 20. Bxd2 Bd7 21. Rfc1 Bf6 22. Be3 a6 23. Bb6 Be7 24. f3 f5 25. Rxc8 Bxc8 26. exf5 Nf6 27. Rc1 Bd8 28. Bxd8 Rxd8 29. Rc7 Ne8 30. Re7 Nf6 31. Rc7 Ne8 32. Rc2 Bd7 33. Ne4 Rc8 34. Rxc8 Bxc8 35. a4 Bd7 36. b3 Kf7 37. Kf2 Ke7 38. Ke3 b5 39. axb5 axb5 40. Kd2 Nc7 41. f6+ Kf7 42. Kc2 Nxd5 43. Nxd6+ Kxf6 44. Bxb5 Bxb5 45. Nxb5 Ke6 46. Nc3 Nb4+ 47. Kd2 Nc6 48. Nb5 Kd5 49. Kd3 Nb4+ 50. Kc3 Na2+ 51. Kd2 Nb4 52. Nc7+ Kd6 53. Ne8+ Kc5 54. Nf6 Nc6 55. Ng8 Nd4 56. Ke3 Nxb3 57. Nxh6 Nd4 58. Nf7 Ne6 59. h6 Nf8 60. Nxg5 Kd5 61. h7 Ng6 62. Nf7 1-0

[Event "Montevideo Trebejos op 10"]
[Site "Montevideo"]
[Date "2021.10.25"]
[Round "4"]
[White "Avedisian, Alexander"]
[Black "Vaz Lacuesta, Leonardo"]
[Result "1-0"]
[WhiteElo "1935"]
[BlackElo "2064"]
[PlyCount "71"]
[EventDate "2021.10.15"]
[EventType "swiss"]
[EventRounds "6"]
[EventCountry "URU"]
[SourceTitle "EXT 2023"]
[Source "ChessBase"]
[SourceDate "2022.10.05"]
[SourceVersion "1"]
[SourceVersionDate "2022.10.05"]
[SourceQuality "1"]

1. c4 c5 2. g3 e6 3. Nc3 Nf6 4. Bg2 Nc6 5. Nf3 Be7 6. 0-0 d5 7. d4 0-0 8. Bg5 dxc4 9. dxc5 Qa5 10. Nd4 Nd8 11. Ne4 Nd5 12. Bd2 Qc7 13. Nb5 Qc6 14. Nd4 Qc7 15. Nb5 Qd7 16. Nbd6 f5 17. Nc3 Bxd6 18. cxd6 Nb6 19. Be3 Nf7 20. Bc5 Rd8 21. a4 Nxd6 22. a5 Nd5 23. Nxd5 exd5 24. Qxd5+ Nf7 25. Qxc4 a6 26. Bb6 Re8 27. Rad1 Qe7 28. Rd2 Be6 29. Qd4 Rac8 30. Rfd1 h6 31. Rd3 Kh7 32. Re3 Rc4 33. Qd3 Ng5 34. Rxe6 Qxe6 35. Bd5 Nh3+ 36. Kf1 1-0

[Event "Montevideo Wednesday at the Mystery 1st"]
[Site "Montevideo"]
[Date "2021.10.20"]
[Round "4"]
[White "Avedisian, Alexander"]
[Black "Dominguez, Facundo"]
[Result "0-1"]
[WhiteElo "1919"]
[BlackElo "2164"]
[PlyCount "102"]
[EventDate "2021.09.29"]
[EventType "swiss"]
[EventRounds "5"]
[EventCountry "URU"]
[SourceTitle "EXT 2023"]
[Source "ChessBase"]
[SourceDate "2022.10.05"]
[SourceVersion "1"]
[SourceVersionDate "2022.10.05"]
[SourceQuality "1"]

1. Nf3 g6 2. g3 Bg7 3. Bg2 e5 4. d3 Ne7 5. c4 c6 6. 0-0 d5 7. Nc3 0-0 8. Bg5 d4 9. Ne4 f5 10. Nc5 b6 11. Na4 h6 12. Bd2 Be6 13. Rc1 Nd7 14. e3 c5 15. exd4 cxd4 16. Re1 Bf7 17. Bb4 Rc8 18. Nxd4 Nc5 19. Bxc5 bxc5 20. Nb3 Qd6 21. Qe2 Rfd8 22. Rcd1 Be8 23. Nc3 Nc6 24. Nb5 Qe7 25. Nc3 Kh7 26. f4 Qf8 27. fxe5 Nxe5 28. Nd5 Ba4 29. Ra1 Re8 30. Qd2 Rb8 31. Nc3 Bd7 32. Rf1 Qd6 33. Nd5 a5 34. Rae1 a4 35. Nc1 Rxb2 36. Qa5 Ng4 37. Rxe8 Bxe8 38. Qc7 Qxc7 39. Nxc7 Bd4+ 40. Kh1 Nf2+ 41. Kg1 Nxd3+ 42. Kh1 Nf2+ 43. Kg1 Ng4+ 44. Kh1 Bf7 45. Nd5 Ne5 46. Re1 Nxc4 47. Nd3 Rxg2 48. Kxg2 Bxd5+ 49. Kf1 Nd2+ 50. Ke2 Ne4 51. Nc1 Nc3+ 0-1

[Event "Montevideo Trebejos op 10"]
[Site "Montevideo"]
[Date "2021.10.18"]
[Round "2"]
[White "Avedisian, Alexander"]
[Black "Vazquez, Facundo"]
[Result "0-1"]
[WhiteElo "1935"]
[BlackElo "2153"]
[PlyCount "74"]
[EventDate "2021.10.15"]
[EventType "swiss"]
[EventRounds "6"]
[EventCountry "URU"]
[SourceTitle "EXT 2023"]
[Source "ChessBase"]
[SourceDate "2022.10.05"]
[SourceVersion "1"]
[SourceVersionDate "2022.10.05"]
[SourceQuality "1"]

1. Nf3 Nf6 2. g3 d5 3. Bg2 c5 4. 0-0 Nc6 5. d3 e6 6. Nbd2 g6 7. c3 Bg7 8. e4 0-0 9. e5 Nd7 10. d4 a5 11. a4 b6 12. Re1 Ba6 13. Nf1 cxd4 14. cxd4 f6 15. exf6 Qxf6 16. Bg5 Qf5 17. Bf4 Rfe8 18. Ra3 h6 19. h4 Qf6 20. Ne5 Ndxe5 21. Bxe5 Qe7 22. f4 Bxe5 23. fxe5 Qb4 24. Rb3 Qxa4 25. Rxb6 Qxd4+ 26. Qxd4 Nxd4 27. Ne3 Reb8 28. Rd6 Rxb2 29. Rd7 Bb5 30. Rb7 h5 31. Kh1 a4 32. Rc1 a3 33. Nxd5 exd5 34. Bxd5+ Kf8 35. Rh7 a2 36. Rh8+ Kg7 37. Rxa8 Rb1 0-1

[Event "Montevideo Wednesday at the Mystery 1st"]
[Site "Montevideo"]
[Date "2021.10.06"]
[Round "2"]
[White "Avedisian, Alexander"]
[Black "Ferrari, Carlos"]
[Result "1-0"]
[WhiteElo "1919"]
[BlackElo "1680"]
[PlyCount "73"]
[EventDate "2021.09.29"]
[EventType "swiss"]
[EventRounds "5"]
[EventCountry "URU"]
[SourceTitle "EXT 2023"]
[Source "ChessBase"]
[SourceDate "2022.10.05"]
[SourceVersion "1"]
[SourceVersionDate "2022.10.05"]
[SourceQuality "1"]

1. Nf3 Nf6 2. g3 e6 3. Bg2 d5 4. 0-0 Be7 5. d3 0-0 6. Nbd2 c6 7. e4 dxe4 8. dxe4 Qc7 9. e5 Nd5 10. Qe2 Nd7 11. c4 Nb4 12. a3 Na6 13. b4 f6 14. Bb2 f5 15. Rfe1 Rd8 16. h4 Nf8 17. h5 h6 18. Nb3 Bd7 19. Rad1 Be8 20. Nfd2 Rd7 21. c5 Rad8 22. Nc4 Rxd1 23. Rxd1 Rxd1+ 24. Qxd1 Qd8 25. Qxd8 Bxd8 26. Nd6 Bxh5 27. Nxb7 Be7 28. N7a5 Nb8 29. Bxc6 a6 30. Bg2 Nbd7 31. c6 Nb6 32. Bd4 Nc8 33. Bf1 Bg5 34. f4 Be7 35. Bxa6 g5 36. Bc5 Ng6 37. Nd4 1-0